Land vs. Land #161 - Statistiken

Allgemein
  • Dieses Quiz wurde 17 mal gespielt
  • Das Durchschnittsergebnis liegt bei 11 aus 14
Antwortstatistiken
Frage Antwort % Korrekt
...Fläche? Norwegen🇳🇴
100%
...Einwohner? Norwegen🇳🇴
100%
...Bruttoinlandsprodukt? Norwegen🇳🇴
100%
...HDI (Human Development Index)? Norwegen🇳🇴
100%
...durchschnittlicher IQ? Norwegen🇳🇴
100%
...Exportmengen? Norwegen🇳🇴
100%
...Gewinner? Norwegen🇳🇴
100%
...Militär? Norwegen🇳🇴
93%
...Tourismus? Norwegen🇳🇴
86%
...Bruttoinlandsprodukt pro Kopf? Norwegen🇳🇴
79%
...Happy Planet Index? Norwegen🇳🇴
79%
...Frieden? Norwegen🇳🇴
57%
...Gesundheitswesen? Malta🇲🇹
7%
...Lebenserwartung? Malta🇲🇹
0%
Keine übereinstimmenden Quizze gefunden
Verteilung der Resultate
Anzahl Personen mit jedem Resultat
Perzentil nach korrekt beantworteten Fragen
Ihre Resultats-Entwicklung
Sie haben dieses Quiz noch nicht gespielt